Orthogonal families of analytic functions.
Guardado en:
| Autor Principal: | |
|---|---|
| Formato: | Libro |
| Idioma: | English |
| Publicado: |
New York :
Macmillan,
[1965]
|
| Series: | Macmillan mathematics paperbacks
|
| Materias: | |
| Etiquetas: |
Agregar Etiqueta
Sin Etiquetas, Sea el primero en etiquetar este registro!
|
| LEADER | 00651nam a22002171a 4500 | ||
|---|---|---|---|
| 001 | MAT.inmabb005631 | ||
| 008 | 840621s1965####nyu######b####000#0#eng## | ||
| 005 | 20130307171715.0 | ||
| 245 | 1 | 0 | |a Orthogonal families of analytic functions. |
| 260 | |a New York : |b Macmillan, |c [1965] | ||
| 300 | |a vii, 80 p. ; |c 24 cm. | ||
| 440 | 0 | |a Macmillan mathematics paperbacks | |
| 504 | |a Bibliografía: p. 75. | ||
| 510 | 4 | |a MR, |c 31 #4916 | |
| 100 | 1 | |a Epstein, Bernard. | |
| 650 | 0 | |a Functional analysis. | |
| 650 | 0 | |a Functions, Orthogonal. | |
| 084 | |a 30C40 |2 msc2000 | ||
| 010 | |a 65014070 | ||
| 040 | |a DLC/ICU |c ICU |d DLC | ||
| 859 | |h 30 |i Ep64 |p A-2297 |b BIB. MATEMATICA | ||
